| 000 | 00905nam a2200325 a 4500 | ||
|---|---|---|---|
| 003 | AR-BaBNM | ||
| 005 | 20251128210023.0 | ||
| 008 | 082120s2002 ||||||||||||||000 | spa|| | ||
| 020 | _a84-329-9437-5 | ||
| 040 | _cAR-BaBNM | ||
| 100 | 1 | _aAntón, Rocío del Mar | |
| 245 | 0 | 0 |
_aAprender jugando _bniños de 5 años |
| 250 | _a2ª ed. | ||
| 260 |
_aBarcelona _bEdiciones Ceac _c1995 |
||
| 300 |
_a175 p. _bil. |
||
| 490 | 0 | _aEducación y enseñanza. Educación infantil | |
| 650 | 4 | _aACTIVIDADES INTEGRADAS | |
| 650 | 4 | _aJUEGOS EDUCATIVOS | |
| 650 | 4 | _aJUEGOS INFANTILES | |
| 650 | 4 | _aACTIVIDADES DE APRENDIZAJE | |
| 650 | 4 | _aDESARROLLO DE DESTREZAS | |
| 650 | 4 | _aDESARROLLO DEL LENGUAJE | |
| 650 | 4 | _aDESARROLLO MOTOR | |
| 650 | 4 | _aCREATIVIDAD | |
| 650 | 4 | _aDRAMATIZACION | |
| 700 | 1 | _aGarcía, Almudena | |
| 800 | 1 |
_aSarramona, Jaume _edirector |
|
| 942 | _cBK | ||
| 998 | _cCarmen | ||
| 999 |
_c13740 _d13740 |
||